Survival guide to Web site development / (Record no. 3344)
[ view plain ]
| 000 -LEADER | |
|---|---|
| fixed length control field | 00740nam a22002297a 4500 |
| 003 - CONTROL NUMBER IDENTIFIER | |
| control field | URS |
| 005 - DATE AND TIME OF LATEST TRANSACTION | |
| control field | 20220114142451.0 |
| 008 - FIXED-LENGTH DATA ELEMENTS--GENERAL INFORMATION | |
| fixed length control field | 190515s1998 waua 001 0 eng |
| 020 ## - INTERNATIONAL STANDARD BOOK NUMBER | |
| International Standard Book Number | 1572318511 |
| 040 ## - CATALOGING SOURCE | |
| Transcribing agency | URS |
| Modifying agency | rda |
| Language of cataloging | eng |
| 050 00 - LIBRARY OF CONGRESS CALL NUMBER | |
| Classification number | TK 5105.888 |
| Item number | .H35 1998 |
| 100 1# - MAIN ENTRY--PERSONAL NAME | |
| Personal name | Haggard, Mary. |
| 245 10 - TITLE STATEMENT | |
| Title | Survival guide to Web site development / |
| Statement of responsibility, etc. | Mary Haggard. |
| 260 ## - PUBLICATION, DISTRIBUTION, ETC. | |
| Place of publication, distribution, etc. | Redmond, Wash : |
| Name of publisher, distributor, etc. | Microsoft Press, |
| Date of publication, distribution, etc. | [1998] |
| 300 ## - PHYSICAL DESCRIPTION | |
| Extent | xviii, 180 p. : |
| Other physical details | with illustrations |
| Dimensions | 23 cm. |
| 500 ## - GENERAL NOTE | |
| General note | Includes index. |
| 524 ## - PREFERRED CITATION OF DESCRIBED MATERIALS NOTE | |
| Preferred citation of described materials note | Haggard, M. Survival guide to web site development (how to plan, build, and manage a world class |
| 650 #0 - SUBJECT ADDED ENTRY--TOPICAL TERM | |
| Topical term or geographic name entry element | Web sites |
| General subdivision | Design. |
| 650 #0 - SUBJECT ADDED ENTRY--TOPICAL TERM | |
| Topical term or geographic name entry element | Microsoft software. |
| 650 #0 - SUBJECT ADDED ENTRY--TOPICAL TERM | |
| Topical term or geographic name entry element | Web publishing. |
| 942 ## - ADDED ENTRY ELEMENTS (KOHA) | |
| Source of classification or shelving scheme | Library of Congress Classification |
| Koha item type | Foreign Books |
| Withdrawn status | Source of classification or shelving scheme | Damaged status | Not for loan | Collection code | Home library | Current library | Shelving location | Date acquired | Total Checkouts | Full call number | Barcode | Date last seen | Price effective from | Koha item type |
|---|---|---|---|---|---|---|---|---|---|---|---|---|---|---|
| Library of Congress Classification | Non-fiction | Cainta College Library | Cainta College Library | On Display | 05/15/2019 | TK 5105.888.H1452 1998 | URSCAI-5115 | 11/04/2016 | 11/04/2016 | Foreign Books |